Process systems analysis and control (Record no. 13575)

000 -LEADER
fixed length control field 00578nam a22002051 4500
001 - CONTROL NUMBER
control field 13575
003 - CONTROL NUMBER IDENTIFIER
control field BD-DhUET
008 - FIXED-LENGTH DATA ELEMENTS--GENERAL INFORMATION
fixed length control field 730306s1965 nyua b 000 0 eng
040 ## - CATALOGING SOURCE
Original cataloging agency DLC
Transcribing agency DLC
Modifying agency BD-DhUET
082 ## - DEWEY DECIMAL CLASSIFICATION NUMBER
Classification number 660.284
Item number COU/1965
100 1# - MAIN ENTRY--PERSONAL NAME
Personal name Coughanowr, Donald R.
245 10 - TITLE STATEMENT
Title Process systems analysis and control
250 ## - EDITION STATEMENT
Edition statement 1st ed.
260 ## - PUBLICATION, DISTRIBUTION, ETC. (IMPRINT)
Place of publication, distribution, etc. New York
Name of publisher, distributor, etc. McGraw-Hill
Date of publication, distribution, etc. 1965
300 ## - PHYSICAL DESCRIPTION
Extent xii, 491 p.
Other physical details ill.
Dimensions 21 cm.
490 ## - SERIES STATEMENT
Series statement McGraw-Hill chemical engineering series
650 #0 - SUBJECT ADDED ENTRY--TOPICAL TERM
Topical term or geographic name as entry element Control devices process engineering
700 ## - ADDED ENTRY--PERSONAL NAME
Personal name Koppel, Lowell B.
942 ## - ADDED ENTRY ELEMENTS (KOHA)
Koha item type General Book
Holdings
Koha date last seen Source of classification or shelving scheme Not for loan Shelving location Piece designation (barcode) Lost status Damaged status Koha normalized classification for sorting Price effective from Location (home branch) Koha date last borrowed Koha full call number Withdrawn status Koha issues (times borrowed) Sublocation or collection (holding branch) Copy number Date acquired Koha item type
2015-03-03  Circulation section29699  660_284000000000000_COU_19652015-03-03Central Library, BUET 660.284/COU/1965  Central Library, BUET12015-03-03General Book
2017-05-09  Circulation section29689  660_284000000000000_COU_19652015-03-03Central Library, BUET2017-05-09660.284/COU/1965 1Central Library, BUET22015-03-03General Book
2015-03-03  Circulation section29697  660_284000000000000_COU_19652015-03-03Central Library, BUET 660.284/COU/1965  Central Library, BUET32015-03-03General Book
2015-03-03  Circulation section29692  660_284000000000000_COU_19652015-03-03Central Library, BUET 660.284/COU/1965  Central Library, BUET42015-03-03General Book
2015-03-03  Circulation section29698  660_284000000000000_COU_19652015-03-03Central Library, BUET 660.284/COU/1965  Central Library, BUET52015-03-03General Book
2015-03-03  Circulation section29690  660_284000000000000_COU_19652015-03-03Central Library, BUET 660.284/COU/1965  Central Library, BUET62015-03-03General Book
2015-03-03  Cataloging to Circulation29688  660_284000000000000_COU_19652015-03-03Central Library, BUET 660.284/COU/1965  Central Library, BUET72015-03-03General Book
2015-03-04  Circulation section34519  660_284000000000000_COU_19652015-03-04Central Library, BUET 660.284/COU/1965  Central Library, BUET82015-03-04General Book
2015-05-11  Circulation section29694  660_284000000000000_COU_19652015-05-11Central Library, BUET 660.284/COU/1965  Central Library, BUET92015-05-11General Book
2015-05-11  Circulation section29696  660_284000000000000_COU_19652015-05-11Central Library, BUET 660.284/COU/1965  Central Library, BUET102015-05-11General Book
2015-05-13  Circulation section29695  660_284000000000000_COU_19652015-05-13Central Library, BUET 660.284/COU/1965  Central Library, BUET112015-05-13General Book
2015-05-14  Circulation section17869  660_284000000000000_COU_19652015-05-14Central Library, BUET 660.284/COU/1965  Central Library, BUET122015-05-14General Book
2015-05-18  Circulation section15822  660_284000000000000_COU_19652015-05-18Central Library, BUET 660.284/COU/1965  Central Library, BUET132015-05-18General Book
2015-06-20  Reading section29700  660_284000000000000_COU_19652015-06-20Central Library, BUET 660.284/COU/1965  Central Library, BUET142015-06-20General Book
2015-06-20  Reading section29701  660_284000000000000_COU_19652015-06-20Central Library, BUET 660.284/COU/1965  Central Library, BUET152015-06-20General Book
2015-07-10  Circulation section16716  660_284000000000000_COU_19652015-07-10Central Library, BUET 660.284/COU/1965  Central Library, BUET162015-07-10General Book